000 00424nam a22001937a 4500
003 UA-OsUOA
001 3137
007 ta
008 20050721b un ||||| |||| 00| 0 ukr d
100 _aCelce-Murcia
700 _aM.
700 _aHilles
700 _aS.
942 _cBK
040 _aUA-OsUOA
_cUA-OsUOA
_dUA-OsUOA
245 _aTechniques and resources in teaching grammar.
_bTeaching
955 _a2
650 7 _2UDC
999 _c289299
_d289299